[Event "Hanoi IM"]
[Site "Hanoi"]
[Date "2022.05.25"]
[Round "3"]
[White "Arfan, Aditya Bagus"]
[Black "Saurabh, Anand"]
[Result "1-0"]
[WhiteElo "2319"]
[BlackElo "2263"]
[PlyCount "143"]
[EventDate "2022.05.24"]
[EventType "tourn"]
[EventRounds "9"]
[EventCountry "VIE"]
[EventCategory "1"]
[SourceTitle "CBM 208 Extra"]
[Source "ChessBase"]
[SourceDate "2022.07.31"]
[SourceVersion "1"]
[SourceVersionDate "2022.07.31"]
[SourceQuality "1"]

1. Nf3 d5 2. c4 e6 3. g3 Nf6 4. Bg2 Be7 5. 0-0 0-0 6. b3 b6 7. Bb2 Bb7 8. e3 c5 9. Nc3 Nc6 10. cxd5 Nxd5 11. Nxd5 Qxd5 12. d4 Qh5 13. Ne5 Qxd1 14. Rfxd1 Nxe5 15. Bxb7 Rab8 16. Bg2 cxd4 17. Bxd4 Ng6 18. Bb2 Rfd8 19. Kf1 Rxd1+ 20. Rxd1 Rd8 21. Rxd8+ Bxd8 22. Ke2 Bf6 23. Bc1 Kf8 24. f4 Ke7 25. Kd3 Kd7 26. Kc4 Kc7 27. Kb5 a5 28. Kc4 Ne7 29. e4 e5 30. Kb5 Kb7 31. Ba3 Nc8 32. Bb2 Na7+ 33. Kc4 Nc6 34. a3 Kc7 35. Bc1 Nd4 36. a4 Nc2 37. Bf1 Kc6 38. Bd3 Ne1 39. Be2 h6 40. Bd1 exf4 41. Bd2 fxg3 42. hxg3 Ng2 43. e5 Bxe5 44. Bf3+ Kd7 45. Bxg2 Bxg3 46. Kd5 Bf2 47. Bc3 f6 48. Bf3 Ke7 49. Bh5 Bg1 50. Bg6 Bf2 51. Bd2 Bg1 52. b4 axb4 53. Bxb4+ Kd7 54. Bd6 Be3 55. Bf5+ Ke8 56. Ke6 Kd8 57. Kf7 g5 58. Kxf6 h5 59. Kg6 h4 60. Bg4 Bd2 61. Kh5 Be3 62. Be6 Bd2 63. Kg4 Bc1 64. Kf3 Bd2 65. Ke4 Bc1 66. Kd5 Be3 67. Kc6 Ke8 68. Bh3 Kf7 69. Bc7 Kf6 70. Bxb6 Bd2 71. Bd4+ Ke7 72. Bg4 1-0

[Event "New Delhi op 19th"]
[Site "New Delhi"]
[Date "2022.03.23"]
[Round "3"]
[White "Delgado Ramirez, Neuris"]
[Black "Saurabh, Anand"]
[Result "1-0"]
[WhiteElo "2622"]
[BlackElo "2276"]
[PlyCount "99"]
[EventDate "2022.03.22"]
[EventType "swiss"]
[EventRounds "10"]
[EventCountry "IND"]
[SourceTitle "CBM 207 Extra"]
[Source "ChessBase"]
[SourceDate "2022.05.31"]
[SourceVersion "1"]
[SourceVersionDate "2022.05.31"]
[SourceQuality "1"]

1. e4 e5 2. Nf3 Nc6 3. Bb5 a6 4. Ba4 Nf6 5. Qe2 b5 6. Bb3 Be7 7. c3 0-0 8. 0-0 d5 9. d3 Be6 10. Rd1 h6 11. Nbd2 Re8 12. Nf1 Bd6 13. Ng3 Na5 14. Bc2 c5 15. h3 Nc6 16. Nh4 d4 17. Nhf5 Bf8 18. Rf1 c4 19. Qf3 Kh7 20. dxc4 bxc4 21. Ba4 Bd7 22. Rd1 d3 23. b3 Na5 24. Bxd7 Qxd7 25. b4 Nb7 26. Nxh6 gxh6 27. Qxf6 a5 28. b5 a4 29. Nh5 Qe6 30. Rb1 Nd6 31. Qf3 Reb8 32. b6 Be7 33. Ba3 Ra5 34. Bb4 Ra6 35. Bc5 Nc8 36. Qg3 Bf6 37. b7 Nd6 38. Bxd6 Rxd6 39. Rb4 Bh8 40. Qe3 Qd7 41. Qa7 Qd8 42. Rxc4 Rd7 43. Rxd3 Rxd3 44. Rc8 Rxb7 45. Qxb7 Qd7 46. Rc7 Qe6 47. Rxf7+ Kg6 48. Rf5 Rxc3 49. Qa8 Rc8 50. Qxa4 1-0

[Event "Novi Sad TS Mix 216th"]
[Site "Novi Sad"]
[Date "2021.08.10"]
[Round "6"]
[White "Sturt, Raven M"]
[Black "Saurabh, Anand"]
[Result "1/2-1/2"]
[WhiteElo "2501"]
[BlackElo "2335"]
[PlyCount "94"]
[EventDate "2021.08.07"]
[EventType "swiss"]
[EventRounds "10"]
[EventCountry "SRB"]
[SourceTitle "CBM 203 Extra"]
[Source "ChessBase"]
[SourceDate "2021.09.30"]
[SourceVersion "1"]
[SourceVersionDate "2021.09.30"]
[SourceQuality "1"]

1. d4 d5 2. c4 e6 3. Nf3 Nf6 4. Nc3 a6 5. c5 b6 6. cxb6 cxb6 7. Bf4 Bd6 8. e3 Bxf4 9. exf4 Bb7 10. Bd3 Nbd7 11. 0-0 0-0 12. Re1 Ne8 13. f5 exf5 14. Bxf5 Nd6 15. Bxd7 Qxd7 16. Ne5 Qd8 17. Qb3 Nf5 18. Rad1 Re8 19. Na4 Re6 20. Nf3 Rxe1+ 21. Rxe1 Bc6 22. Nxb6 Rb8 23. Qc2 g6 24. Qxc6 Qxb6 25. Qxb6 Rxb6 26. b3 Rc6 27. Re8+ Kg7 28. g4 Nd6 29. Rd8 Rc1+ 30. Kg2 Ne4 31. Rxd5 Rc2 32. Re5 Nxf2 33. Kg3 Rxa2 34. d5 Nd3 35. Re3 Nc5 36. Kf4 Nd7 37. g5 Ra5 38. Ke4 Kf8 39. Ne5 f5+ 40. Kd4 Nb6 41. Nc4 Rxd5+ 42. Kc3 Nxc4 43. bxc4 f4 44. Re6 Rf5 45. Rxa6 f3 46. Ra1 Rxg5 47. Rf1 Rf5 1/2-1/2

[Event "Novi Sad TS Mix 216th"]
[Site "Novi Sad"]
[Date "2021.08.09"]
[Round "5"]
[White "Markovic, Miroslav"]
[Black "Saurabh, Anand"]
[Result "1/2-1/2"]
[WhiteElo "2353"]
[BlackElo "2335"]
[PlyCount "23"]
[EventDate "2021.08.07"]
[EventType "swiss"]
[EventRounds "10"]
[EventCountry "SRB"]
[SourceTitle "CBM 203 Extra"]
[Source "ChessBase"]
[SourceDate "2021.09.30"]
[SourceVersion "1"]
[SourceVersionDate "2021.09.30"]
[SourceQuality "1"]

1. g3 d5 2. Bg2 Nf6 3. Nf3 Bg4 4. 0-0 Nbd7 5. d3 c6 6. Qe1 e5 7. e4 dxe4 8. dxe4 Bc5 9. Nbd2 0-0 10. h3 Bh5 11. Nh4 Re8 12. Nc4 1/2-1/2

[Event "Novi Sad TS Mix 216th"]
[Site "Novi Sad"]
[Date "2021.08.09"]
[Round "4"]
[White "Saurabh, Anand"]
[Black "Yagupov, Igor"]
[Result "1-0"]
[WhiteElo "2335"]
[BlackElo "2343"]
[PlyCount "113"]
[EventDate "2021.08.07"]
[EventType "swiss"]
[EventRounds "10"]
[EventCountry "SRB"]
[SourceTitle "CBM 203 Extra"]
[Source "ChessBase"]
[SourceDate "2021.09.30"]
[SourceVersion "1"]
[SourceVersionDate "2021.09.30"]
[SourceQuality "1"]

1. e4 d6 2. d4 Nf6 3. Nc3 e5 4. Nf3 Nbd7 5. g4 Nxg4 6. Rg1 Ngf6 7. Bc4 h6 8. Qe2 Qe7 9. Be3 Nb6 10. dxe5 dxe5 11. Bb3 c6 12. a4 Be6 13. Nd2 Bxb3 14. Nxb3 Qe6 15. Nc5 Qc4 16. Nxb7 Qb4 17. Ra3 Qxb2 18. Rb3 Qa1+ 19. Qd1 Qxd1+ 20. Kxd1 Nc4 21. Ke2 g6 22. Rd1 Nd7 23. a5 Nxe3 24. Kxe3 Nc5 25. Nxc5 Bxc5+ 26. Ke2 Ke7 27. Rb7+ Ke6 28. Rdd7 Rhb8 29. Na4 Bb4 30. Rxb8 Rxb8 31. Rxa7 Rb5 32. a6 Ra5 33. Nb6 Ra2 34. Rc7 Kd6 35. Rxf7 Kc5 36. Rb7 Rxa6 37. Nd7+ Kc4 38. Nxe5+ Kc3 39. Nxg6 c5 40. Nf4 Kxc2 41. Nd3 Ba3 42. Rc7 Ra5 43. f4 Kc3 44. e5 c4 45. e6 Kd4 46. Ne5 Ra6 47. e7 Re6 48. Kf3 Kd5 49. Rd7+ Kc5 50. Ke4 Kb5 51. Kd5 Rxe7 52. Rxe7 Bxe7 53. Nxc4 Kb4 54. f5 Kc3 55. Ke6 Bd8 56. Ne5 Kd2 57. f6 1-0

[Event "Novi Sad Put Svile IM 5th"]
[Site "Novi Sad"]
[Date "2021.08.01"]
[Round "1"]
[White "Dhyana, Patel"]
[Black "Saurabh, Anand"]
[Result "0-1"]
[WhiteElo "1990"]
[BlackElo "2335"]
[PlyCount "92"]
[EventDate "2021.08.01"]
[EventType "tourn"]
[EventRounds "9"]
[EventCountry "SRB"]
[SourceTitle "CBM 203 Extra"]
[Source "ChessBase"]
[SourceDate "2021.09.30"]
[SourceVersion "1"]
[SourceVersionDate "2021.09.30"]
[SourceQuality "1"]

1. e4 c5 2. Nf3 d6 3. Bb5+ Nc6 4. d4 cxd4 5. Qxd4 Bd7 6. Bxc6 Bxc6 7. Nc3 Nf6 8. Bg5 e6 9. 0-0-0 Be7 10. Qd3 Qa5 11. Kb1 0-0 12. h4 h6 13. Bd2 Qa6 14. Qxa6 bxa6 15. Rhe1 Ng4 16. Nd4 Bd7 17. f3 Ne5 18. g3 Rfc8 19. f4 Nc4 20. Bc1 Na3+ 21. bxa3 Rxc3 22. Rd3 Rc4 23. Bb2 Rac8 24. Re2 Ba4 25. Nb3 Bb5 26. Rde3 a5 27. Rd2 a4 28. Nd4 Ba6 29. Ne2 Bb7 30. Rd4 Rxc2 31. Rxa4 Bd8 32. Bd4 a5 33. Bc3 Rxe2 34. Rxe2 Rxc3 35. Rd4 Ba6 36. Rc2 Bd3 37. Rxd3 Rxd3 38. Rc8 Rxg3 39. Rxd8+ Kh7 40. Rd7 Kg6 41. h5+ Kxh5 42. Rxf7 Kg6 43. Rd7 h5 44. Rxd6 h4 45. f5+ Kf7 46. Rd2 h3 0-1

[Event "Novi Sad TS07 Mix"]
[Site "Novi Sad"]
[Date "2021.07.24"]
[Round "9"]
[White "Saurabh, Anand"]
[Black "Naumkin, Igor"]
[Result "1-0"]
[WhiteElo "2304"]
[BlackElo "2258"]
[PlyCount "105"]
[EventDate "2021.07.18"]
[EventType "swiss"]
[EventRounds "9"]
[EventCountry "SRB"]
[SourceTitle "CBM 203 Extra"]
[Source "ChessBase"]
[SourceDate "2021.09.30"]
[SourceVersion "1"]
[SourceVersionDate "2021.09.30"]
[SourceQuality "1"]

1. e4 e5 2. Nf3 Nc6 3. Bb5 a6 4. Ba4 Nf6 5. 0-0 Nxe4 6. d4 b5 7. Bb3 d5 8. dxe5 Be6 9. Qe2 Be7 10. Rd1 0-0 11. c4 bxc4 12. Bxc4 Bc5 13. Be3 Bxe3 14. Qxe3 Qb8 15. Bb3 Na5 16. Nbd2 Qa7 17. Nxe4 Qxe3 18. fxe3 Nxb3 19. axb3 dxe4 20. Nd4 c5 21. Nc6 Bxb3 22. Rd6 Rfe8 23. Ra5 Kf8 24. Kf2 Re6 25. Rxc5 Rc8 26. Rc3 Ke8 27. Na5 Rxc3 28. bxc3 Ba2 29. c4 Rxe5 30. Rxa6 Rf5+ 31. Ke1 Rg5 32. g3 Kd7 33. Kd2 Rh5 34. Kc3 Rxh2 35. Ra7+ Ke6 36. Nc6 g5 37. Nb4 Bb1 38. c5 Bd3 39. c6 Bb5 40. Ra5 Bxc6 41. Nxc6 Kf6 42. g4 h6 43. Kd4 Rh4 44. Ne5 h5 45. Ra6+ Ke7 46. gxh5 Rxh5 47. Ra7+ Ke6 48. Nxf7 g4 49. Nd8+ Kf6 50. Kxe4 Rh8 51. Ra6+ Ke7 52. Nc6+ Kf6 53. Ne5+ 1-0

[Event "Novi Sad TS07 Mix"]
[Site "Novi Sad"]
[Date "2021.07.23"]
[Round "6"]
[White "Tyurin, Artem"]
[Black "Saurabh, Anand"]
[Result "1/2-1/2"]
[WhiteElo "2106"]
[BlackElo "2304"]
[PlyCount "68"]
[EventDate "2021.07.18"]
[EventType "swiss"]
[EventRounds "9"]
[EventCountry "SRB"]
[SourceTitle "CBM 203 Extra"]
[Source "ChessBase"]
[SourceDate "2021.09.30"]
[SourceVersion "1"]
[SourceVersionDate "2021.09.30"]
[SourceQuality "1"]

1. c4 c5 2. Nc3 Nc6 3. Nf3 g6 4. g3 Bg7 5. Bg2 Nh6 6. d4 cxd4 7. Nxd4 0-0 8. Nb3 Nf5 9. 0-0 d6 10. e4 Nfd4 11. Be3 Nxb3 12. axb3 Be6 13. Qd2 Qd7 14. Nd5 Rfb8 15. b4 b5 16. c5 dxc5 17. bxc5 a5 18. f4 Rd8 19. Qf2 Qa7 20. Nb6 Rab8 21. f5 Bc4 22. Nxc4 bxc4 23. fxg6 fxg6 24. Qf7+ Kh8 25. Rad1 Rxd1 26. Rxd1 Bxb2 27. Qe6 Ne5 28. Rb1 Bc3 29. Rb6 Rxb6 30. cxb6 Qd7 31. Qxd7 Nxd7 32. Bh3 Nb8 33. Be6 Be5 34. Bxc4 a4 1/2-1/2